Score 0/15 Timer 01:00
0 Plays Today
% Correct
Shepherds
96.4%
Bible
96.4%
Messiah
96.4%
Gospel
96.4%
Bethlehem
96.2%
Crown of thorns
96.2%
Mary and Joseph
96.2%
Nativity
96%
% Correct
Disciples
95.8%
Myrrh
95.8%
Salvation
95.8%
Wise men
95%
Manger
94.6%
Calvary
93.2%
Easter
92.9%
Remove Ads.
Support Sporcle.
Get the best of Sporcle when you Go Orange. This ad-free experience offers more features, more stats, and more fun while also helping to support Sporcle. Thank you for becoming a member.

You're not logged in!

Compare scores with friends on all Sporcle quizzes.
OR
Log In

Show Comments

Extras

Top Quizzes Today


Score Distribution

Your Account Isn't Verified!

In order to create a playlist on Sporcle, you need to verify the email address you used during registration. Go to your Sporcle Settings to finish the process.

Report this User

Report this user for behavior that violates our Community Guidelines.

Details: